[Event "Challenge"]
[Site "http://www.queenalice.com/game.php?id=482533"]
[Date "2008.10.24"]
[Round "-"]
[White "sebastiam"]
[Black "sandrohorvath"]
[Result "1-0"]
[WhiteElo "1554"]
[BlackElo "1103"]

1. Nc3 c5 2. e3 Qa5 3. Nh3 h5 4. Qf3 d5 5. Ng5 f5 6. e4 fxe4 7. Qf7+ Kd8 8.
Qxf8+ Kc7 9. Ne6+ Bxe6 10. Nb5+ Kc6 11. Qe8+ Bd7 12. Qg6+ e6 13. Qxg7 Na6 14.
Qxh8 Nb4 15. Qe5 Nxc2+ 16. Kd1 Nxa1 17. Qd6# 1-0

[Event "1º TORNEIO VISA 2008 "]
[Site "http://www.queenalice.com/game.php?id=482602"]
[Date "2008.10.25"]
[Round "-"]
[White "sandrohorvath"]
[Black "calantone"]
[Result "1-0"]
[WhiteElo "1063"]
[BlackElo "976"]

1. c4 e5 2. Qa4 Nc6 3. h4 Be7 4. Rh3 Bb4 5. a3 Bc5 6. Nf3 Bd4 7. Ng5 Qe7 8. Rf3
Qc5 9. b4 Qd6 10. Nxf7 Nf6 11. Nxd6+ cxd6 12. b5 Nb8 13. b6 Ng4 14. Ra2 axb6 15.
Qxa8 Nxf2 16. Qxb8 Kd8 17. e3 Ne4 18. exd4 exd4 19. Bd3 Nc5 20. Bf5 Na6 21. Qxd6
Re8+ 22. Kd1 Nc5 23. Qxb6+ Ke7 24. Qxc5+ Kd8 25. Qxd4 g6 26. Bg4 Re7 27. Qb6+
Ke8 28. Qc7 Re4 29. Qxc8+ Ke7 30. Bxd7 b6 31. d3 Rd4 32. Bg5+ Kd6 33. Rf5 gxf5
34. Re2 Rxd3+ 35. Kc2 Rg3 36. Qc6# 1-0

[Event "Challenge"]
[Site "http://www.queenalice.com/game.php?id=488575"]
[Date "2008.11.5"]
[Round "-"]
[White "sandrohorvath"]
[Black "reivipviana"]
[Result "0-1"]
[WhiteElo "1085"]
[BlackElo "1288"]

1. c4 c5 2. a4 Nf6 3. Ra3 e5 4. h4 h5 5. Rhh3 d6 6. e4 Nxe4 7. Qxh5 Rxh5 8. f3
Nf6 9. Nc3 Nc6 10. Nb5 a6 11. Nc3 Bxh3 12. gxh3 Rxh4 13. Ne4 Nxe4 14. fxe4 Qg5
15. Nf3 Qg3+ 16. Ke2 g5 17. Rd3 g4 18. Nxh4 Qxh4 19. b3 Nb4 20. Rc3 gxh3 21.
Rxh3 Qg4+ 22. Ke1 Nc2+ 23. Kf2 Qxe4 24. Rh8 Qe1+ 25. Kg1 Qxc1 26. Rh6 Bxh6 0-1

[Event "Challenge"]
[Site "http://www.queenalice.com/game.php?id=491890"]
[Date "2008.11.11"]
[Round "-"]
[White "ricardobkf14"]
[Black "sandrohorvath"]
[Result "1-0"]
[WhiteElo "1507"]
[BlackElo "1074"]

1. e4 h5 2. Bc4 c5 3. Nf3 Rh6 4. d3 Qb6 5. Ne5 d6 6. Nxf7 Rf6 7. Qxh5 Qb4+ 8.
Bd2 Qxb2 9. Bc3 Qc1+ 10. Qd1 Qf4 11. O-O Rg6 12. g3 Qg4 13. f3 Qh3 14. f4 Qxg3+
15. hxg3 1-0

[Event "Challenge"]
[Site "http://www.queenalice.com/game.php?id=491891"]
[Date "2008.11.11"]
[Round "-"]
[White "sandrohorvath"]
[Black "manichino"]
[Result "0-1"]
[WhiteElo "1071"]
[BlackElo "1291"]

1. d4 d5 2. a4 e6 3. Ra3 c5 4. Rf3 Qa5+ 5. c3 c4 6. b4 Qc7 7. e3 a5 8. Rf4 f5 9.
Nf3 Nf6 10. Ng5 Ra6 11. b5 Rb6 12. Be2 h6 13. Rh4 g6 14. g4 Nh7 15. Nf3 g5 16.
Rh3 Nf6 17. Ne5 Rg8 18. gxf5 exf5 19. Rg1 g4 20. Rh4 h5 21. f3 Nbd7 22. h3 Be7
23. Na3 Nxe5 24. dxe5 Nh7 25. Rxh5 Rg7 26. Qxd5 Be6 27. Qd2 Qxe5 0-1

[Event "Challenge"]
[Site "http://www.queenalice.com/game.php?id=492375"]
[Date "2008.11.13"]
[Round "-"]
[White "sandrohorvath"]
[Black "heberesteves"]
[Result "1-0"]
[WhiteElo "1074"]
[BlackElo "1479"]

1. c4 d6 2. Nc3 e5 3. Nd5 Be6 4. Qa4+ c6 5. e4 b5 6. cxb5 cxd5 7. Bd3 dxe4 8.
Bxe4 Bd7 9. Bxa8 Nf6 10. Bf3 Qb6 11. Be2 a6 12. Qb3 axb5 13. a4 bxa4 14. Qxb6
Nc6 15. Rxa4 Nd8 16. Ra8 Be7 17. Ba6 O-O 18. Ra7 Nd5 19. Qa5 Be6 20. Bc4 Nc6 21.
Qa6 Nb8 22. Qb7 Re8 23. Ra8 Bc8 24. Qxb8 Bd7 25. Qb7 Nf6 26. d3 d5 27. Bxd5 Bb4+
28. Bd2 Nxd5 29. Qxd7 Rxa8 30. Qxd5 Ra1+ 31. Ke2 Bf8 32. Qxe5 g6 33. b4 Ra2 34.
Nf3 f6 35. Qxf6 Rxd2+ 36. Nxd2 Bxb4 37. Rb1 Bf8 38. Rb8 h5 39. Rxf8+ Kh7 40.
Rh8# 1-0

[Event "Challenge"]
[Site "http://www.queenalice.com/game.php?id=494683"]
[Date "2008.11.17"]
[Round "-"]
[White "FC"]
[Black "sandrohorvath"]
[Result "1-0"]
[WhiteElo "1487"]
[BlackElo "1074"]

1. e4 c5 2. d3 a5 3. Nf3 Ra6 4. Be2 h5 5. O-O Rg6 6. Ne5 Re6 7. Bf4 Rf6 8. Qd2
d6 9. d4 Re6 10. dxc5 Nf6 11. Bb5+ Nc6 12. cxd6 Nxe4 13. Qd5 Rxd6 14. Qxf7# 1-0

[Event "Challenge"]
[Site "http://www.queenalice.com/game.php?id=496143"]
[Date "2008.11.21"]
[Round "-"]
[White "sandrohorvath"]
[Black "Galdino_78"]
[Result "0-1"]
[WhiteElo "1068"]
[BlackElo "1348"]

1. c4 e5 2. h4 Nc6 3. g4 Nf6 4. Nf3 Nxg4 5. Bh3 d6 6. Rg1 h5 7. Ng5 Nd4 8. e3
Nf5 9. Nc3 Nxh4 10. Nce4 f5 11. Ng3 Qxg5 12. a4 f4 13. exf4 exf4 14. Ne4 Qe5 15.
d3 Qd4 16. Ra3 c6 17. Bxf4 Be7 18. a5 Qxb2 19. Ra1 d5 20. cxd5 cxd5 21. Ng3
Qxf2# 0-1

[Event "Challenge"]
[Site "http://www.queenalice.com/game.php?id=496144"]
[Date "2008.11.21"]
[Round "-"]
[White "lala"]
[Black "sandrohorvath"]
[Result "1-0"]
[WhiteElo "1426"]
[BlackElo "1082"]

1. e4 c5 2. d3 a5 3. Bf4 d6 4. Nc3 h5 5. Qe2 e5 6. Be3 Bg4 7. f3 Be6 8. O-O-O a4
9. a3 b5 10. Nxb5 Ba2 11. Qf2 Qb6 12. d4 exd4 13. Bf4 Ra5 14. Re1 Nf6 15. e5 Nd5
16. Nxd6+ Kd8 17. Nxf7+ Ke8 18. Nxh8 1-0

[Event "Challenge"]
[Site "http://www.queenalice.com/game.php?id=496145"]
[Date "2008.11.21"]
[Round "-"]
[White "reivipviana"]
[Black "sandrohorvath"]
[Result "1-0"]
[WhiteElo "1336"]
[BlackElo "1074"]

1. e4 c5 2. Bb5 a6 3. Ba4 b5 4. e5 bxa4 5. Qf3 Ra7 6. Nc3 Qa5 7. Nge2 h5 8. O-O
Rh6 9. d3 Rg6 10. Qxh5 Qb6 11. Nxa4 Qb7 12. f3 d6 13. Bf4 Bg4 14. Qh4 Bxf3 15.
Rxf3 Qxb2 16. Nxb2 Nc6 17. exd6 a5 18. Re3 Nb4 19. Rc1 Nxa2 20. Rf1 Nf6 21. Qh3
Ng4 22. Rg3 1-0

[Event "Challenge!!!"]
[Site "http://www.queenalice.com/game.php?id=506869"]
[Date "2008.12.12"]
[Round "-"]
[White "ricardobkf14"]
[Black "sandrohorvath"]
[Result "1-0"]
[WhiteElo "1593"]
[BlackElo "1076"]

1. d4 a5 2. e3 c6 3. b3 b5 4. a4 h5 5. axb5 cxb5 6. Bxb5 g5 7. Nf3 Nf6 8. Nxg5
Qc7 9. Nc3 Rg8 10. h4 Bb7 11. Bc4 Ng4 12. Bxf7+ Kd8 13. Bb2 Rh8 14. Bd5 Rh6 15.
Nf7+ Kc8 16. Nxh6 Bxh6 17. Bf7 Nc6 18. Bxh5 Nf6 19. Bf3 a4 20. Nb5 Qa5+ 21. Nc3
Ra6 22. Rxa4 Qb6 23. Ra1 1-0

[Event "vê se não deleta esse!!!"]
[Site "http://www.queenalice.com/game.php?id=506876"]
[Date "2008.12.12"]
[Round "-"]
[White "sandrohorvath"]
[Black "danramone"]
[Result "0-1"]
[WhiteElo "1074"]
[BlackElo "1397"]

1. h4 Nf6 2. b3 Nc6 3. Ba3 d6 4. c4 Bf5 5. g3 g6 6. Nc3 Nd4 7. e3 Nc2+ 8. Ke2
Bg4+ 9. f3 Bf5 10. g4 Nxa3 11. gxf5 Nh5 12. Qc1 Ng3+ 13. Kf2 Nxh1+ 14. Kg2 e5
15. Kxh1 d5 16. Nxd5 Qxh4+ 17. Nh3 Rd8 18. Nxc7+ Kd7 19. Nd5 gxf5 20. Nf6+ Qxf6
21. c5 Nb5 22. Bxb5+ Kc8 23. c6 Qh4 0-1